000
00262nam a2200109Ia 4500
008
190216s9999||||xx |||||||||||||| ||und||
100
_a
Pramod Chandra
245
0
_a
Hindi-Gudiyan Ke Desh Me
260
_b
Mac Millian And Com. Ltd
650
_a
Hindi
942
_c
BK
999
_c
15351
_d
15351